Central Library OPAC University of Rajshahi

Science and English poetry : (Record no. 21320)

MARC details
000 -LEADER
fixed length control field 00867nam a2200277 a 4500
001 - CONTROL NUMBER
control field 21320
003 - CONTROL NUMBER IDENTIFIER
rucl marc code BD-RjUL
005 - DATE AND TIME OF LATEST TRANSACTION
control field 20211209000655.0
008 - FIXED-LENGTH DATA ELEMENTS--GENERAL INFORMATION
fixed length control field 140303s1950 nyu 000 1 eng
035 ## - SYSTEM CONTROL NUMBER
System control number 50-07550
System control number (OCoLC)260980
-- (BD-RjUL)21384
040 ## - CATALOGING SOURCE
Original cataloging agency DLC
Transcribing agency DLC
Modifying agency m.c
-- BD-RjUL
Language of cataloging eng
041 ## - LANGUAGE CODE
Language code of text/sound track or separate title eng
082 04 - DEWEY DECIMAL CLASSIFICATION NUMBER
Classification number 821.09
Author mark and year BUS 1962
100 1# - MAIN ENTRY--PERSONAL NAME
Personal name Bush, Douglas,
Dates associated with a name 1896-1983.
9 (RLIN) 55811
245 10 - TITLE STATEMENT
Title Science and English poetry :
Remainder of title a historical sketch, 1590-1950 /
Statement of responsibility, etc. Douglas Bush.
260 ## - PUBLICATION, DISTRIBUTION, ETC. (IMPRINT)
Place of publication, distribution, etc. New York :
Name of publisher, distributor, etc. Oxford University Press,
Date of publication, distribution, etc. 1950 [ Printing 1962].
300 ## - PHYSICAL DESCRIPTION
Pagination viii, 166 p. ;
Size 21 cm
490 1# - SERIES STATEMENT
Series statement Patten lectures ;
Volume/sequential designation 1949
650 #0 - SUBJECT ADDED ENTRY--TOPICAL TERM
Topical term or geographic name as entry element English poetry
General subdivision History and criticism
9 (RLIN) 54587
Topical term or geographic name as entry element Literature and science
9 (RLIN) 53108
830 #0 - SERIES ADDED ENTRY--UNIFORM TITLE
Volume number/sequential designation 1949
Uniform title Patten lectures ;
942 ## - ADDED ENTRY ELEMENTS (KOHA)
Source of classification or shelving scheme Dewey Decimal Classification
Koha item type Books
Holdings
Lost status Source of classification or shelving scheme Damaged status Not for loan Permanent Location Current Location Shelving location Date acquired Source of acquisition Cost, normal purchase price Total Checkouts Full call number Date last seen Copy number Koha item type Collection code
  Dewey Decimal Classification     Central Library, University of Rajshahi Central Library, University of Rajshahi   01/05/1965 Zeitlinger 36.00   821.09 BUS 1962 04/03/2014 C-2 Books  
  Dewey Decimal Classification     Central Library, University of Rajshahi Central Library, University of Rajshahi   01/05/1965   36.00   821.09 BUS 1962 26/02/2020 C-3 Books Non-fiction
  Dewey Decimal Classification     Central Library, University of Rajshahi Central Library, University of Rajshahi   31/01/1955 O. U. P. 9.00   821.09 BUS 1962 26/02/2020 C-3 Books Non-fiction